Empirical Ecocriticism (Record no. 1715148)

MARC details
000 -LEADER
fixed length control field 00585 a2200193 4500
005 - DATE AND TIME OF LATEST TRANSACTION
control field 20260323130757.0
008 - FIXED-LENGTH DATA ELEMENTS--GENERAL INFORMATION
fixed length control field 260323b |||||||| |||| 00| 0 eng d
020 ## - INTERNATIONAL STANDARD BOOK NUMBER
International Standard Book Number 9781517915353
040 ## - CATALOGING SOURCE
Transcribing agency SDCL
041 ## - LANGUAGE CODE
Source of code eng
Language code of text/sound track or separate title eng
084 ## - COLON CLASSIFICATION NUMBER
Classification number X:(G:55) R3
100 ## - MAIN ENTRY--PERSONAL NAME
Personal name Schneider-Mayerson, Matthew
245 ## - TITLE STATEMENT
Title Empirical Ecocriticism
Remainder of title Environmental Narratives for Social Change
260 ## - PUBLICATION, DISTRIBUTION, ETC.
Place of publication, distribution, etc. Minneapolis :
Name of publisher, distributor, etc. University of Minnesota Press,
Date of publication, distribution, etc. 2023.
300 ## - PHYSICAL DESCRIPTION
Extent 368p.
700 ## - ADDED ENTRY--PERSONAL NAME
Personal name Mossner, Alexa Weik von
700 ## - ADDED ENTRY--PERSONAL NAME
Personal name Malecki, W. P.
942 ## - ADDED ENTRY ELEMENTS (KOHA)
Koha item type Audio Visual Collection
Source of classification or shelving scheme Colon Classification (CC)
100 ## - MAIN ENTRY--PERSONAL NAME
-- 1137611
700 ## - ADDED ENTRY--PERSONAL NAME
-- 852341
700 ## - ADDED ENTRY--PERSONAL NAME
-- 852342
999 ## -
-- 1715148
-- 1715148
Holdings
Withdrawn status Lost status Source of classification or shelving scheme Damaged status Not for loan Home library Current library Date acquired Source of acquisition Cost, normal purchase price Total checkouts Full call number Barcode Date last seen Cost, replacement price Price effective from Koha item type
    Colon Classification (CC)     South Campus Library South Campus Library 2026-03-12 30 2207.04   X:(G:55) R3 SC1809610 2026-03-12 2758.80 2026-03-12 Textual
Copyright @ Delhi University Library System